Introducción a la gramática del texto del español
Saved in:
| Hovedforfatter: | |
|---|---|
| Format: | Bog |
| Sprog: | spansk |
| Udgivet: |
Madrid
Arco Libros
1995
|
| Udgivelse: | 2a. ed |
| Serier: | Cuadernos de Lengua Española, 13
|
| Fag: | |
| Tags: |
Tilføj Tag
Ingen Tags, Vær først til at tagge denne postø!
|
MARC
| LEADER | 00000cam a2200000 a 4500 | ||
|---|---|---|---|
| 001 | UCT0797 | ||
| 003 | CL-VaPUC | ||
| 008 | 960906e19950000SP |||||||||||||||||spa|d | ||
| 020 | |a 8476351313 | ||
| 082 | 0 | 4 | |a 465 |b CAS |2 21 |
| 100 | |a Casado Velarde, Manuel |e autor |9 457063 | ||
| 245 | 1 | 0 | |a Introducción a la gramática del texto del español |
| 250 | |a 2a. ed | ||
| 300 | |a 52 p | ||
| 942 | |c BK | ||
| 945 | |d 19960906 00:00:00 |a nastorga | ||
| 260 | |a Madrid |b Arco Libros |c 1995 | ||
| 650 | 0 | |a Gramática |9 270497 | |
| 650 | 0 | |a Verbos |9 310738 | |
| 650 | 0 | |a Español |9 255372 | |
| 650 | 0 | |a Morfología |9 334440 | |
| 650 | 7 | |a LINGUISTICA DESCRIPTIVA |2 CL-VaPUC |9 369291 | |
| 650 | 7 | |a LENGUAS ROMANCE |2 CL-VaPUC |9 369292 | |
| 583 | |a last modification |c 20130730 05:30:02 |k Rodrigo Vera | ||
| 490 | 0 | |a Cuadernos de Lengua Española, 13 | |
| 999 | |c 251501 |d 251499 | ||
| 952 | |0 0 |1 0 |4 0 |6 465_000000000000000_CAS_1995 |7 0 |8 A |9 270701 |a FDOPOS |b FDOPOS |d 2019-11-19 |i 3228436 |o 465 CAS 1995 |p 3228436 |r 2025-01-22 |w 2019-11-19 |y BK |k MLA | ||
| 952 | |0 0 |1 0 |4 0 |6 465_000000000000000_CAS_1995 |7 0 |8 A |9 270702 |a BIBEDU |b BIBEDU |d 2019-11-19 |i 4992458 |l 3 |m 1 |o 465 CAS 1995 |p 4992458 |r 2024-09-03 |s 2024-08-22 |w 2019-11-19 |y BK |k LIT | ||